000 00351nam a2200157Ia 4500
003 OSt
005 20240129152746.0
008 170524s9999 xx 000 0 und d
020 _a9788120345553
040 _cIIMTU
100 _aPannerselvam
245 0 _aProduction and Operation Management
260 _bP H I
260 _c2003
942 _2ddc
_c02
999 _c6231
_d6231